[Event "Munich"]
[Site "Munich"]
[Date "1988.??.??"]
[Round "?"]
[White "Hjartarson, Johann"]
[Black "Jussupow, Artur"]
[Result "1-0"]
[WhiteElo "2590"]
[BlackElo "2620"]
[PlyCount "77"]
[EventDate "1988.04.??"]
[EventType "tourn"]
[EventRounds "11"]
[EventCountry "GER"]
[EventCategory "12"]
[SourceTitle "CBM 007"]
[Source "ChessBase"]
[SourceDate "1988.12.01"]
[SourceVersion "1"]
[SourceVersionDate "1988.12.01"]
[SourceQuality "1"]

1. e4 c5 2. Nf3 Nc6 3. d4 cxd4 4. Nxd4 Nf6 5. Nc3 e5 6. Ndb5 d6 7. Bg5 a6 8.
Na3 b5 9. Bxf6 gxf6 10. Nd5 Bg7 11. Bd3 Ne7 12. Nxe7 Qxe7 13. c4 f5 14. O-O O-O
15. Qh5 Rb8 16. exf5 e4 17. Rae1 Bb7 18. Re3 bxc4 19. Bxc4 d5 20. Bxd5 Bxd5 21.
f6 Qxf6 22. Qxd5 Rxb2 23. Rxe4 Rd8 24. Qc4 Qc3 25. Qxa6 Qc5 26. Rc4 Qf5 27. Qa7
Re8 28. g3 Rxa2 29. Qa4 Rb8 30. Qa7 Re8 31. Qa4 Re1 32. Rc8+ Bf8 33. Rxf8+ Kxf8
34. Qb4+ Re7 35. Nc4 Qe4 36. Qc3 Kg8 37. Ne3 Qe5 38. Qc4 Re8 39. Qxa2 1-0

[Event "Munich SKA"]
[Site "Munich"]
[Date "1993.??.??"]
[Round "11"]
[White "Hjartarson, Johann"]
[Black "Lobron, Eric"]
[Result "1-0"]
[WhiteElo "2625"]
[BlackElo "2620"]
[Annotator "Horn,Pe"]
[PlyCount "67"]
[EventDate "1993.05.??"]
[EventType "tourn"]
[EventRounds "11"]
[EventCountry "GER"]
[EventCategory "16"]
[SourceTitle "CBM 036"]
[Source "ChessBase"]
[SourceDate "1993.10.01"]
[SourceVersion "1"]
[SourceVersionDate "1993.10.01"]
[SourceQuality "1"]

1. Nf3 d5 2. g3 c6 3. Bg2 Bg4 4. b3 Nd7 5. Bb2 e6 6. O-O Ngf6 7. d3 Bc5 8. Nbd2
O-O 9. c4 Qe7 10. a3 a5 11. d4 (11. e4 dxe4 12. dxe4 e5 13. Qc2 Rfd8 14. h3
Bxf3 15. Nxf3 Ne8 $15 {Filip-Sanguinetti/Portoroz/1958}) (11. h3 Bh5 12. Ra2 e5
13. cxd5 Nxd5 (13... cxd5) 14. Ne4 Bb6 15. Nc3 Nxc3 16. Bxc3 f6 17. Nd2 Bf7 18.
Nc4 Bc7 19. Ra1 $14 {Kirov-Gliksman/Pernik/1976}) 11... Bd6 12. Ne5 (12. Re1
Rfd8 13. e4 dxe4 14. Nxe4 Nxe4 15. Rxe4 Nf6 16. Re3 Qc7 (16... h6 17. Qe1 Qf8
$2 (17... Bf5) 18. Nh4 Bh5 19. h3 g5 20. Nf3 Nd7 21. h4 Qg7 22. hxg5 hxg5 23.
Bc3 a4 24. d5 $16 {Jansa-Campora/Bor/1983}) (16... Bc5 17. Rd3 Bf5 18. Rd2) 17.
Qe1 c5 18. d5 exd5 19. Bxf6 gxf6 20. cxd5 $16 {Ribli-Campora/Luzern/1982})
12... Bh5 13. Re1 Rfd8 14. Qc2 {/\ e4} Bxe5 15. dxe5 Ng4 16. Nf3 Bg6 17. Qc3
Nc5 {/\ Nxf2} (17... d4 $2 18. Nxd4 Ngxe5 19. f4 Ng4 20. Nxc6 $1 Qc5+ 21. e3
$18) 18. cxd5 cxd5 (18... Nxf2 $2 19. d6 $18) (18... Ne4 $2 19. d6 $1 Qd7 20.
Qc4 Ngxf2 21. Nh4 $18) 19. Nh4 d4 20. Nxg6 hxg6 21. Qc4 b5 22. Qc2 (22. Qxb5 $2
Rab8 23. Qc4 Nxb3) 22... Rac8 23. Rac1 d3 $2 (23... Nxe5 $2 24. b4 axb4 25.
axb4 Na4 26. Qxc8 Rxc8 27. Rxc8+ Kh7 28. Bxd4 Qxb4 29. Rd1 Nb2 30. Bxb2 Qxb2
31. Rdd8) (23... Qd7 $5) 24. exd3 Nxd3 25. Qxc8 Nxe1 (25... Rxc8 26. Rxc8+ Kh7
27. Rd1 Nxb2 28. Rdd8 Kh6 (28... g5 29. Be4+ g6 (29... f5 30. exf6+ $18) 30.
Rh8+ Kg7 31. Rcg8#) 29. f4 g5 (29... Kh5 30. Rh8+ Nh6 31. Bf3#) 30. Rh8+ Kg6
31. Be4+ f5 32. exf6+ Kxf6 33. Rhf8+ $18) 26. Qb7 Qxb7 27. Bxb7 Nd3 28. Rd1
Ngxf2 29. Rd2 a4 30. bxa4 bxa4 31. Ba6 Kf8 32. Bc3 Ke7 33. Kf1 Ne4 34. Rxd3 (
34. Rxd3 Rxd3 35. Bb4+ $18) 1-0

[Event "Bundesliga 0304"]
[Site "Germany"]
[Date "2003.11.22"]
[Round "3.3"]
[White "Gabriel, Christian"]
[Black "Hjartarson, Johann"]
[Result "0-1"]
[WhiteElo "2560"]
[BlackElo "2640"]
[PlyCount "94"]
[EventDate "2003.11.01"]
[EventType "team-tourn"]
[EventRounds "15"]
[EventCountry "GER"]
[SourceTitle "CBM 097 Extra"]
[Source "ChessBase"]
[SourceDate "2004.01.13"]
[SourceVersion "1"]
[SourceVersionDate "2004.01.13"]
[SourceQuality "1"]
[WhiteTeam "Solingen"]
[BlackTeam "Bremer SG"]
[WhiteTeamCountry "GER"]
[BlackTeamCountry "GER"]

1. d4 Nf6 2. c4 e6 3. Nc3 Bb4 4. Bg5 c5 5. d5 h6 6. Bh4 Bxc3+ 7. bxc3 d6 8. e3
e5 9. Nf3 g5 10. Bg3 Bf5 11. Nd2 Nbd7 12. f3 Nf8 13. Bf2 h5 14. e4 Bd7 15. Be3
Rg8 16. Bd3 h4 17. g3 hxg3 18. hxg3 g4 19. f4 exf4 20. gxf4 Qe7 21. Qe2 g3 22.
Qg2 O-O-O 23. O-O-O Ng4 24. Qxg3 f5 25. Bf2 Nf6 26. Qe3 fxe4 27. Bh4 Bf5 28.
Bxe4 N8d7 29. Rde1 Bg4 30. Bc2 Qf8 31. Bg5 Re8 32. Qg3 Rxe1+ 33. Rxe1 Rh8 34.
Ne4 Rh3 35. Qg2 Nxe4 36. Qxe4 Kc7 37. Qe8 Qxe8 38. Rxe8 Nb6 39. Re7+ Kc8 40.
Re8+ Kc7 41. Rg8 Rh1+ 42. Kd2 Nxc4+ 43. Kd3 b5 44. Bd8+ Kd7 45. Rxg4 Kxd8 46.
Rg8+ Ke7 47. Rg7+ Kf6 0-1

[Event "Reykjavik op"]
[Site "Reykjavik"]
[Date "2018.03.08"]
[Round "4"]
[White "Eljanov, Pavel"]
[Black "Hjartarson, Johann"]
[Result "0-1"]
[WhiteElo "2713"]
[BlackElo "2513"]
[Annotator "Fernandez,D"]
[PlyCount "72"]
[EventDate "2018.03.06"]
[EventType "swiss"]
[EventRounds "9"]
[EventCountry "ISL"]
[SourceTitle "CBM 184"]
[Source "ChessBase"]
[SourceDate "2018.05.16"]
[SourceVersion "1"]
[SourceVersionDate "2018.05.16"]
[SourceQuality "1"]

1. d4 Nf6 2. c4 g6 3. Nc3 Bg7 4. e4 d6 5. Nf3 O-O 6. Be2 e5 7. O-O Nc6 8. d5
Ne7 9. b4 {You know something is up when a 2700 risks the Bayonet attack
against someone he comfortably outrates!} a5 10. Ba3 Re8 (10... Nd7 $5 {
was the move chosen against me when I adopted the White side of this system:}
11. Qc2 Kh8 12. Nb5 axb4 13. Bxb4 Nc5 14. Nd2 c6 $132 {Fernandez,D-Damljanovic,
B Paracin 2015}) 11. bxa5 Rxa5 (11... c5 $5 {is possible, if a little
unnecessary.}) 12. Bb4 Ra8 13. a4 c5 14. Ba3 $6 (14. dxc6 Nxc6 15. Bxd6 Nd4 {
can't have appealed to Eljanov, but it is maybe worth looking at this a bit
more.} 16. Bc5 ({Following} 16. c5 {the engine suggests the daring} b6 $5 17.
Bb5 bxc5 18. Bxe8 Qxd6 $44) 16... Bg4 $1 17. Nd5 (17. Nxd4 exd4 18. Bxd4 Bxe2
19. Nxe2 Nxe4 $11) 17... Nxe4 18. Bb6 Nxe2+ 19. Qxe2 Bxf3 20. Qxf3 Qh4 $132 {
White has something, but it is hard to pin down at a cursory glance.}) 14...
Ra6 (14... Rf8 {could have been played immediately, but maybe Black was
thinking of adding some ...Rb6 idea to the mix?}) 15. Nd2 Rf8 16. Bb2 Ne8 17.
Nb5 f5 18. exf5 (18. f4 $5 exf4 19. Bxg7 Nxg7 20. Rxf4 g5 21. Rf2 $11 {could
be a better execution, especially since after the natural} f4 {there follows}
22. e5 $5 $132) 18... gxf5 19. f4 {Regardless of what the engine says, this
has to be played before Black gets knights to g6 and f6, which was the next
idea.} (19. Qc2 Ng6 20. Rfe1 Bd7 21. Bf1 Nf6 {for instance looks like nothing
but pain}) 19... Ng6 (19... e4 $5 {leads to a position with well-established
plans for both sides, though it may be easier to play the White ones:} 20. Bxg7
Kxg7 21. Qb3 $132) 20. fxe5 Nxe5 (20... Bxe5 $11 {should have been preferred,
in my opinion, since Black's KID bishop is now just getting in the way.}) 21.
Ra3 (21. Qc2 $5 {might give White something. The idea is Rae1 and Nf3, and if
Black acts fast with} f4 {then} 22. Ne4 $14 {checks out tactically.}) 21... Bd7
22. Qa1 Qe7 23. Re1 Qh4 24. g3 $6 {On the level of principle it must be wrong
to create a hook for the f4-push and block out the a3-rook from defence.} (24.
Rh3 Qf4 25. Bc3 {is an option, with a position that looks awkward for both
sides. A possible continuation:} Ng6 26. Rf1 (26. Bh5 Qxd2 27. Bxd2 Bxa1 28.
Rxa1 Nf6 29. Be2 $132) 26... Qg5 27. Rg3 Qh6 28. Bxg7 Qxg7 $11) 24... Qh6 25.
Nf3 Ng4 (25... f4 {leads to a slight plus for Black, for instance} 26. Nxe5
dxe5 27. Bxe5 Rxa4 $3 28. gxf4 (28. Rxa4 fxg3 $19) (28. Bxg7 Nxg7 29. Rxa4 fxg3
30. Bh5 Nxh5 $40) 28... Qg6+ 29. Kh1 Rxa3 30. Qxa3 Qe4+ 31. Qf3 Qxf3+ 32. Bxf3
Bxe5 33. Rxe5 Rxf4 34. Bh5 Bxb5 35. Bxe8 Bxc4 36. d6 Rd4 37. Rxc5 Be6 $15 {
Black obtains an extra pawn, though the position is so simplified that he
should not be able to win.}) 26. Bxg7 $6 (26. Bc1 $1 $11 {is a great machine
defence, reducing the effectiveness of Black's f4-push by a great deal.}) 26...
Nxg7 27. Bf1 f4 {Suddenly all Black's pieces are in play, and the e3-square is
transformed into a glaring weakness.} 28. gxf4 $6 (28. Qc1 $1 Raa8 $15 {
was the 'least worst' continuation, though on the next move a black knight
will still appear on e3 causing pain.}) 28... Rxf4 29. Re7 Nf6 $1 30. Nc7 Rb6 {
The white king is open and all Black's pieces are playing active roles, so the
win should be a matter of time and care.} 31. Re2 Rxc4 32. Ne6 Rc1 33. Qa2 Rb4
34. Rg2 Rg4 35. Rb3 Nxe6 36. dxe6 Bxe6 0-1